000 00563nam a22001937a 4500
999 _c2141
_d2141
003 AR-CdUCM
008 190304b ||||| |||| 00| 0 spa d
040 _aMUNICIPALIDAD PROVINCIAL DEL CUSCO
_cBIBLIOTECA MUNICIPAL DEL CUSCO
082 _a869.56 /
_bG26
100 _aGarrido Malaver, Julio
_92596
245 _aEl Fronton /
260 _aLima :
_bP. L. Villanueva ;
_c1966.
300 _a109 páginas
_c21cm
505 _aNovela
650 _aLiteratura peruana
_97175
650 _aLiteratura contemporánea
_9759
942 _2ddc
_cLIBROS
945 _anom